Ley 19/2002, de 24 de octubre, de Archivos Públicos de Castilla-La Mancha
Descripción Física:
39 p. ; 15 cm
MARC
| LEADER | 00000nam a2200000Ia 4500 | ||
|---|---|---|---|
| 001 | 17397 | ||
| 008 | 160829s9999 xx 000 0 cat d | ||
| 080 | |a FU-47-49 | ||
| 100 | |a Espanya. Lleis, etc. |9 23269 | ||
| 245 | |a Ley 19/2002, de 24 de octubre, de Archivos Públicos de Castilla-La Mancha | ||
| 260 | |a [s.l.] : |b Consejería de Administraciones Públicas, [2002?] | ||
| 300 | |a 39 p. ; |c 15 cm | ||
| 590 | |a Conté: Decreto 6/2005, de 18 de enero, por el que se aprueba el Reglamento de funcionamiento y composición del Consejo de Archivos de Castilla-La Mancha. | ||
| 590 | |a Índex | ||
| 650 | |a Arxius |x Dret i legislació |9 39351 | ||
| 650 | |a Arxius |x Castella-La Manxa |9 39352 | ||
| 650 | |a Arxius municipals |x Castella-La Manxa |9 39353 | ||
| 901 | |a Arxiu | ||
| 942 | |n 1 | ||
| 952 | |0 0 |1 0 |4 0 |6 FU4749 |7 1 |9 48968 |a Arxiu |b Arxiu |d 2016-12-01 |l 0 |o FU-47-49 |p 17397 |r 2016-12-01 00:00:00 |w 2016-12-01 |y ARXIU | ||
| 999 | |c 52803 |d 52803 | ||